Dodanie tovaru v osobitných prípadoch

Problematika dodania tovaru s inštaláciou alebo montážou do iného členského štátu, resp. do tretieho štátu vo vzťahu k miestu a vzniku dodania.

Salvato in:
Dettagli Bibliografici
Autore principale: Hermanová, Alžbeta
Natura: Capitolo di libro
Lingua:slovacco
Soggetti:
Tags: Aggiungi Tag
Nessun Tag, puoi essere il primo ad aggiungerne!!

MARC

LEADER 00000naa$a2200000$$$4500
001 0057462
005 20231106072849.9
041 0 |a slo 
044 |a SK 
245 1 0 |a Dodanie tovaru v osobitných prípadoch  |c Alžbeta Hermanová 
520 |a Problematika dodania tovaru s inštaláciou alebo montážou do iného členského štátu, resp. do tretieho štátu vo vzťahu k miestu a vzniku dodania. 
610 2 0 |a tovar 
610 2 0 |a dodávky 
610 2 0 |a montáže 
610 2 0 |a Európska únia 
100 1 |a Hermanová, Alžbeta